1/2 Finalistes hommes de Grand Chelem de tennis dans l'ère Open - Statistiques

Statistiques générales
  • Ce quiz a été pris 105 fois
    15 depuis la dernière actualisation
  • Le résultat moyen est 644 sur 924
Statistiques - réponses
Année Tournoi Résultat Joueur % Correct
US Open Vainqueur Alcaraz
100%
Alcaraz
100%
Wimbledon Vainqueur Alcaraz
100%
1/2 Finalistes Alcaraz
100%
Roland Garros Vainqueur Alcaraz
100%
Wimbledon Vainqueur Alcaraz
100%
Roland Garros Vainqueur Alcaraz
100%
Finaliste Alcaraz
100%
US Open Vainqueur Alcaraz
100%
2026 Australie Vainqueur Alcaraz
100%
1/2 Finalistes Berdych
100%
Finaliste Berdych
100%
1/2 Finalistes Berdych
100%
Berdych
100%
1/2 Finalistes Berdych
100%
Berdych
100%
1/2 Finalistes Berdych
100%
Cilic
100%
US Open Vainqueur Cilic
100%
Cilic
100%
Finaliste Cilic
100%
Finaliste Cilic
100%
Cilic
100%
1/2 Finalistes Del Potro
100%
US Open Vainqueur Del Potro
100%
1/2 Finalistes Del Potro
100%
1/2 Finalistes Del Potro
100%
1/2 Finalistes Del Potro
100%
Finaliste Del Potro
100%
1/2 Finalistes Dimitrov
100%
Dimitrov
100%
1/2 Finalistes Dimitrov
100%
1/2 Finalistes Djokovic
100%
1/2 Finalistes Djokovic
100%
Finaliste Djokovic
100%
2008 Australie Vainqueur Djokovic
100%
1/2 Finalistes Djokovic
100%
1/2 Finalistes Djokovic
100%
1/2 Finalistes Djokovic
100%
1/2 Finalistes Djokovic
100%
Finaliste Djokovic
100%
2011 Australie Vainqueur Djokovic
100%
1/2 Finalistes Djokovic
100%
Wimbledon Vainqueur Djokovic
100%
US Open Vainqueur Djokovic
100%
2012 Australie Vainqueur Djokovic
100%
Finaliste Djokovic
100%
1/2 Finalistes Djokovic
100%
Finaliste Djokovic
100%
2013 Australie Vainqueur Djokovic
100%
1/2 Finalistes Djokovic
100%
Finaliste Djokovic
100%
Finaliste Djokovic
100%
Finaliste Djokovic
100%
Wimbledon Vainqueur Djokovic
100%
Djokovic
100%
2015 Australie Vainqueur Djokovic
100%
Finaliste Djokovic
100%
Wimbledon Vainqueur Djokovic
100%
US Open Vainqueur Djokovic
100%
2016 Australie Vainqueur Djokovic
100%
Roland Garros Vainqueur Djokovic
100%
Finaliste Djokovic
100%
Wimbledon Vainqueur Djokovic
100%
US Open Vainqueur Djokovic
100%
2019 Australie Vainqueur Djokovic
100%
Djokovic
100%
Wimbledon Vainqueur Djokovic
100%
2020 Australie Vainqueur Djokovic
100%
Finaliste Djokovic
100%
2021 Australie Vainqueur Djokovic
100%
Roland Garros Vainqueur Djokovic
100%
Wimbledon Vainqueur Djokovic
100%
Finaliste Djokovic
100%
Wimbledon Vainqueur Djokovic
100%
2023 Australie Vainqueur Djokovic
100%
Roland Garros Vainqueur Djokovic
100%
Finaliste Djokovic
100%
US Open Vainqueur Djokovic
100%
1/2 Finalistes Djokovic
100%
Finaliste Djokovic
100%
Djokovic
100%
1/2 Finalistes Djokovic
100%
1/2 Finalistes Djokovic
100%
1/2 Finalistes Djokovic
100%
Finaliste Djokovic
100%
Wimbledon Vainqueur Federer
100%
2004 Australie Vainqueur Federer
100%
Wimbledon Vainqueur Federer
100%
US Open Vainqueur Federer
100%
1/2 Finalistes Federer
100%
1/2 Finalistes Federer
100%
Wimbledon Vainqueur Federer
100%
US Open Vainqueur Federer
100%
2006 Australie Vainqueur Federer
100%
Finaliste Federer
100%
Wimbledon Vainqueur Federer
100%
US Open Vainqueur Federer
100%
2007 Australie Vainqueur Federer
100%
Finaliste Federer
100%
Wimbledon Vainqueur Federer
100%
US Open Vainqueur Federer
100%
1/2 Finalistes Federer
100%
Finaliste Federer
100%
Finaliste Federer
100%
US Open Vainqueur Federer
100%
Finaliste Federer
100%
Roland Garros Vainqueur Federer
100%
Wimbledon Vainqueur Federer
100%
Finaliste Federer
100%
2010 Australie Vainqueur Federer
100%
1/2 Finalistes Federer
100%
1/2 Finalistes Federer
100%
Finaliste Federer
100%
1/2 Finalistes Federer
100%
1/2 Finalistes Federer
100%
1/2 Finalistes Federer
100%
Wimbledon Vainqueur Federer
100%
1/2 Finalistes Federer
100%
1/2 Finalistes Federer
100%
Finaliste Federer
100%
1/2 Finalistes Federer
100%
Finaliste Federer
100%
Finaliste Federer
100%
1/2 Finalistes Federer
100%
1/2 Finalistes Federer
100%
2017 Australie Vainqueur Federer
100%
Wimbledon Vainqueur Federer
100%
2018 Australie Vainqueur Federer
100%
1/2 Finalistes Federer
100%
Finaliste Federer
100%
1/2 Finalistes Federer
100%
1/2 Finalistes Ferrer
100%
Ferrer
100%
Ferrer
100%
Ferrer
100%
Ferrer
100%
Finaliste Ferrer
100%
Finaliste Fritz
100%
Fritz
100%
Medvedev
100%
Finaliste Medvedev
100%
Finaliste Medvedev
100%
1/2 Finalistes Medvedev
100%
Finaliste Medvedev
100%
US Open Vainqueur Medvedev
100%
Finaliste Medvedev
100%
1/2 Finalistes Medvedev
100%
Finaliste Medvedev
100%
Finaliste Medvedev
100%
1/2 Finalistes Medvedev
100%
Finaliste Murray
100%
1/2 Finalistes Murray
100%
Finaliste Murray
100%
Murray
100%
Finaliste Murray
100%
Murray
100%
1/2 Finalistes Murray
100%
Murray
100%
Murray
100%
Finaliste Murray
100%
US Open Vainqueur Murray
100%
Finaliste Murray
100%
Wimbledon Vainqueur Murray
100%
1/2 Finalistes Murray
100%
Finaliste Murray
100%
1/2 Finalistes Murray
100%
1/2 Finalistes Murray
100%
Finaliste Murray
100%
Finaliste Murray
100%
Wimbledon Vainqueur Murray
100%
1/2 Finalistes Murray
100%
Roland Garros Vainqueur Nadal
100%
Roland Garros Vainqueur Nadal
100%
Finaliste Nadal
100%
Roland Garros Vainqueur Nadal
100%
Finaliste Nadal
100%
Nadal
100%
Roland Garros Vainqueur Nadal
100%
Wimbledon Vainqueur Nadal
100%
Nadal
100%
2009 Australie Vainqueur Nadal
100%
Nadal
100%
Roland Garros Vainqueur Nadal
100%
Wimbledon Vainqueur Nadal
100%
US Open Vainqueur Nadal
100%
Roland Garros Vainqueur Nadal
100%
Finaliste Nadal
100%
Finaliste Nadal
100%
Finaliste Nadal
100%
Roland Garros Vainqueur Nadal
100%
Roland Garros Vainqueur Nadal
100%
US Open Vainqueur Nadal
100%
Finaliste Nadal
100%
Roland Garros Vainqueur Nadal
100%
Finaliste Nadal
100%
Roland Garros Vainqueur Nadal
100%
US Open Vainqueur Nadal
100%
Roland Garros Vainqueur Nadal
100%
1/2 Finalistes Nadal
100%
1/2 Finalistes Nadal
100%
Finaliste Nadal
100%
Roland Garros Vainqueur Nadal
100%
1/2 Finalistes Nadal
100%
US Open Vainqueur Nadal
100%
Roland Garros Vainqueur Nadal
100%
1/2 Finalistes Nadal
100%
2022 Australie Vainqueur Nadal
100%
Roland Garros Vainqueur Nadal
100%
Nadal
100%
Raonic
100%
Raonic
100%
Finaliste Raonic
100%
1/2 Finalistes Roddick
100%
1/2 Finalistes Roddick
100%
US Open Vainqueur Roddick
100%
Finaliste Roddick
100%
Roddick
100%
Finaliste Roddick
100%
Finaliste Roddick
100%
1/2 Finalistes Roddick
100%
1/2 Finalistes Roddick
100%
Finaliste Roddick
100%
Sinner
100%
2024 Australie Vainqueur Sinner
100%
Sinner
100%
US Open Vainqueur Sinner
100%
2025 Australie Vainqueur Sinner
100%
Finaliste Sinner
100%
Wimbledon Vainqueur Sinner
100%
Finaliste Sinner
100%
1/2 Finalistes Sinner
100%
Thiem
100%
Thiem
100%
Finaliste Thiem
100%
Finaliste Thiem
100%
Finaliste Thiem
100%
US Open Vainqueur Thiem
100%
1/2 Finalistes Tsitsipas
100%
Tsitsipas
100%
Tsitsipas
100%
Finaliste Tsitsipas
100%
Tsitsipas
100%
Finaliste Tsitsipas
100%
Finaliste Tsonga
100%
1/2 Finalistes Tsonga
100%
Tsonga
100%
Tsonga
100%
Tsonga
100%
Tsonga
100%
1/2 Finalistes Wawrinka
100%
2014 Australie Vainqueur Wawrinka
100%
Wawrinka
100%
Roland Garros Vainqueur Wawrinka
100%
1/2 Finalistes Wawrinka
100%
1/2 Finalistes Wawrinka
100%
US Open Vainqueur Wawrinka
100%
1/2 Finalistes Wawrinka
100%
Finaliste Wawrinka
100%
Zverev
100%
Finaliste Zverev
100%
Zverev
100%
Zverev
100%
1/2 Finalistes Zverev
100%
1/2 Finalistes Zverev
100%
Zverev
100%
Finaliste Zverev
100%
Finaliste Zverev
100%
Zverev
100%
1/2 Finalistes Agassi
88%
1/2 Finalistes Agassi
88%
1/2 Finalistes Agassi
88%
Finaliste Agassi
88%
Finaliste Agassi
88%
Finaliste Agassi
88%
1/2 Finalistes Agassi
88%
Wimbledon Vainqueur Agassi
88%
US Open Vainqueur Agassi
88%
1995 Australie Vainqueur Agassi
88%
1/2 Finalistes Agassi
88%
Finaliste Agassi
88%
1/2 Finalistes Agassi
88%
1/2 Finalistes Agassi
88%
Roland Garros Vainqueur Agassi
88%
Finaliste Agassi
88%
US Open Vainqueur Agassi
88%
2000 Australie Vainqueur Agassi
88%
1/2 Finalistes Agassi
88%
2001 Australie Vainqueur Agassi
88%
1/2 Finalistes Agassi
88%
Finaliste Agassi
88%
2003 Australie Vainqueur Agassi
88%
1/2 Finalistes Agassi
88%
1/2 Finalistes Agassi
88%
Finaliste Agassi
88%
Finaliste Anderson
88%
Finaliste Anderson
88%
Finaliste Anderson
88%
1/2 Finalistes Ashe
88%
US Open Vainqueur Ashe
88%
Ashe
88%
1/2 Finalistes Ashe
88%
1970 Australie Vainqueur Ashe
88%
Finaliste Ashe
88%
1/2 Finalistes Ashe
88%
Finaliste Ashe
88%
Wimbledon Vainqueur Ashe
88%
1/2 Finalistes Ashe
88%
1/2 Finalistes Auger Aliassime
88%
Auger Aliassime
88%
Roland Garros Vainqueur Borg
88%
Roland Garros Vainqueur Borg
88%
Borg
88%
Wimbledon Vainqueur Borg
88%
Finaliste Borg
88%
Wimbledon Vainqueur Borg
88%
1978 Roland Garros Vainqueur Borg
88%
Wimbledon Vainqueur Borg
88%
Finaliste Borg
88%
1979 Roland Garros Vainqueur Borg
88%
Wimbledon Vainqueur Borg
88%
1980 Roland Garros Vainqueur Borg
88%
Wimbledon Vainqueur Borg
88%
Finaliste Borg
88%
1981 Roland Garros Vainqueur Borg
88%
Finaliste Borg
88%
Finaliste Borg
88%
Roland Garros Vainqueur Chang
88%
Chang
88%
1/2 Finalistes Chang
88%
Finaliste Chang
88%
Finaliste Chang
88%
Finaliste Chang
88%
1/2 Finalistes Chang
88%
1/2 Finalistes Chang
88%
Roland Garros Vainqueur Courier
88%
Finaliste Courier
88%
1992 Australie Vainqueur Courier
88%
Roland Garros Vainqueur Courier
88%
1/2 Finalistes Courier
88%
1993 Australie Vainqueur Courier
88%
Finaliste Courier
88%
Finaliste Courier
88%
Courier
88%
1/2 Finalistes Courier
88%
Courier
88%
Draper
88%
Australie Vainqueur Edberg
88%
Edberg
88%
1987 Australie Vainqueur Edberg
88%
Edberg
88%
Edberg
88%
1/2 Finalistes Edberg
88%
Wimbledon Vainqueur Edberg
88%
Finaliste Edberg
88%
Finaliste Edberg
88%
Finaliste Edberg
88%
Wimbledon Vainqueur Edberg
88%
1/2 Finalistes Edberg
88%
1/2 Finalistes Edberg
88%
US Open Vainqueur Edberg
88%
Finaliste Edberg
88%
US Open Vainqueur Edberg
88%
Finaliste Edberg
88%
Edberg
88%
1/2 Finalistes Edberg
88%
Roland Garros Vainqueur Gaudio
88%
1/2 Finalistes Hewitt
88%
US Open Vainqueur Hewitt
88%
Wimbledon Vainqueur Hewitt
88%
1/2 Finalistes Hewitt
88%
Finaliste Hewitt
88%
Finaliste Hewitt
88%
1/2 Finalistes Hewitt
88%
1/2 Finalistes Hewitt
88%
Khachanov
88%
Khachanov
88%
Finaliste Laver
88%
Wimbledon Vainqueur Laver
88%
1969 Australie Vainqueur Laver
88%
Roland Garros Vainqueur Laver
88%
Wimbledon Vainqueur Laver
88%
US Open Vainqueur Laver
88%
1/2 Finalistes McEnroe
88%
McEnroe
88%
US Open Vainqueur McEnroe
88%
Finaliste McEnroe
88%
US Open Vainqueur McEnroe
88%
Wimbledon Vainqueur McEnroe
88%
US Open Vainqueur McEnroe
88%
Finaliste McEnroe
88%
McEnroe
88%
Wimbledon Vainqueur McEnroe
88%
1/2 Finalistes McEnroe
88%
Finaliste McEnroe
88%
Wimbledon Vainqueur McEnroe
88%
US Open Vainqueur McEnroe
88%
McEnroe
88%
Finaliste McEnroe
88%
McEnroe
88%
McEnroe
88%
McEnroe
88%
McEnroe
88%
Finaliste Ruud
88%
Finaliste Ruud
88%
Finaliste Ruud
88%
1/2 Finalistes Ruud
88%
US Open Vainqueur Safin
88%
1/2 Finalistes Safin
88%
Finaliste Safin
88%
1/2 Finalistes Safin
88%
Finaliste Safin
88%
2005 Australie Vainqueur Safin
88%
1/2 Finalistes Safin
88%
Finaliste Soderling
88%
Finaliste Soderling
88%
1/2 Finalistes Tiafoe
88%
1/2 Finalistes Tiafoe
88%
1982 Roland Garros Vainqueur Wilander
88%
Finaliste Wilander
88%
Australie Vainqueur Wilander
88%
Wilander
88%
Australie Vainqueur Wilander
88%
1985 Roland Garros Vainqueur Wilander
88%
Wilander
88%
Finaliste Wilander
88%
Finaliste Wilander
88%
Finaliste Wilander
88%
1988 Australie Vainqueur Wilander
88%
Roland Garros Vainqueur Wilander
88%
US Open Vainqueur Wilander
88%
1/2 Finalistes Wilander
88%
Wimbledon Vainqueur Becker
75%
Wimbledon Vainqueur Becker
75%
1/2 Finalistes Becker
75%
Becker
75%
Finaliste Becker
75%
1/2 Finalistes Becker
75%
Wimbledon Vainqueur Becker
75%
US Open Vainqueur Becker
75%
Finaliste Becker
75%
1/2 Finalistes Becker
75%
1991 Australie Vainqueur Becker
75%
Becker
75%
Finaliste Becker
75%
1/2 Finalistes Becker
75%
1/2 Finalistes Becker
75%
Finaliste Becker
75%
1/2 Finalistes Becker
75%
1996 Australie Vainqueur Becker
75%
1974 Australie Vainqueur Connors
75%
Wimbledon Vainqueur Connors
75%
US Open Vainqueur Connors
75%
Finaliste Connors
75%
Finaliste Connors
75%
Finaliste Connors
75%
US Open Vainqueur Connors
75%
Finaliste Connors
75%
Finaliste Connors
75%
Finaliste Connors
75%
US Open Vainqueur Connors
75%
1/2 Finalistes Connors
75%
1/2 Finalistes Connors
75%
1/2 Finalistes Connors
75%
1/2 Finalistes Connors
75%
1/2 Finalistes Connors
75%
1/2 Finalistes Connors
75%
1/2 Finalistes Connors
75%
1/2 Finalistes Connors
75%
Wimbledon Vainqueur Connors
75%
US Open Vainqueur Connors
75%
US Open Vainqueur Connors
75%
1/2 Finalistes Connors
75%
Finaliste Connors
75%
1/2 Finalistes Connors
75%
1/2 Finalistes Connors
75%
1/2 Finalistes Connors
75%
1/2 Finalistes Connors
75%
1/2 Finalistes Connors
75%
1/2 Finalistes Connors
75%
1/2 Finalistes Connors
75%
Finaliste Corretja
75%
Finaliste Corretja
75%
Corretja
75%
Roland Garros Vainqueur Costa
75%
1/2 Finalistes Costa
75%
1/2 Finalistes Ferrero
75%
Ferrero
75%
Finaliste Ferrero
75%
Roland Garros Vainqueur Ferrero
75%
Finaliste Ferrero
75%
Ferrero
75%
Gasquet
75%
Gasquet
75%
Gasquet
75%
1/2 Finalistes Grosjean
75%
1/2 Finalistes Grosjean
75%
Grosjean
75%
1/2 Finalistes Grosjean
75%
Isner
75%
Roland Garros Vainqueur Kuerten
75%
Roland Garros Vainqueur Kuerten
75%
Roland Garros Vainqueur Kuerten
75%
Finaliste Kyrgios
75%
Finaliste Lendl
75%
Finaliste Lendl
75%
1/2 Finalistes Lendl
75%
Finaliste Lendl
75%
Finaliste Lendl
75%
1984 Roland Garros Vainqueur Lendl
75%
1/2 Finalistes Lendl
75%
Finaliste Lendl
75%
Finaliste Lendl
75%
US Open Vainqueur Lendl
75%
1/2 Finalistes Lendl
75%
1986 Roland Garros Vainqueur Lendl
75%
Finaliste Lendl
75%
US Open Vainqueur Lendl
75%
1/2 Finalistes Lendl
75%
Roland Garros Vainqueur Lendl
75%
Finaliste Lendl
75%
US Open Vainqueur Lendl
75%
Lendl
75%
1/2 Finalistes Lendl
75%
Finaliste Lendl
75%
1989 Australie Vainqueur Lendl
75%
1/2 Finalistes Lendl
75%
Finaliste Lendl
75%
1990 Australie Vainqueur Lendl
75%
1/2 Finalistes Lendl
75%
Finaliste Lendl
75%
Lendl
75%
Monfils
75%
1/2 Finalistes Monfils
75%
Musetti
75%
Musetti
75%
Finaliste Nalbandian
75%
Nalbandian
75%
Nalbandian
75%
1/2 Finalistes Nalbandian
75%
1/2 Finalistes Nalbandian
75%
Finaliste Nishikori
75%
Nishikori
75%
Nishikori
75%
1983 Roland Garros Vainqueur Noah
75%
Noah
75%
1/2 Finalistes Norrie
75%
Finaliste Philippoussis
75%
Finaliste Philippoussis
75%
Pouille
75%
US Open Vainqueur Sampras
75%
1/2 Finalistes Sampras
75%
Finaliste Sampras
75%
1/2 Finalistes Sampras
75%
Wimbledon Vainqueur Sampras
75%
US Open Vainqueur Sampras
75%
1994 Australie Vainqueur Sampras
75%
Wimbledon Vainqueur Sampras
75%
Finaliste Sampras
75%
Wimbledon Vainqueur Sampras
75%
US Open Vainqueur Sampras
75%
1/2 Finalistes Sampras
75%
US Open Vainqueur Sampras
75%
1997 Australie Vainqueur Sampras
75%
Wimbledon Vainqueur Sampras
75%
Wimbledon Vainqueur Sampras
75%
1/2 Finalistes Sampras
75%
Wimbledon Vainqueur Sampras
75%
1/2 Finalistes Sampras
75%
Wimbledon Vainqueur Sampras
75%
Finaliste Sampras
75%
Finaliste Sampras
75%
US Open Vainqueur Sampras
75%
Shelton
75%
1/2 Finalistes Shelton
75%
Finaliste Smith
75%
US Open Vainqueur Smith
75%
Wimbledon Vainqueur Smith
75%
Smith
75%
1/2 Finalistes Smith
75%
Verdasco
75%
Finaliste Baghdatis
63%
Baghdatis
63%
Bautista Agut
63%
Carreno Busta
63%
Carreno Busta
63%
Cash
63%
Cash
63%
Finaliste Cash
63%
Wimbledon Vainqueur Cash
63%
Finaliste Cash
63%
Coria
63%
Finaliste Coria
63%
Roland Garros Vainqueur Gomez
63%
Finaliste Gonzalez
63%
Gonzalez
63%
1/2 Finalistes Henman
63%
1/2 Finalistes Henman
63%
Henman
63%
1/2 Finalistes Henman
63%
1/2 Finalistes Henman
63%
1/2 Finalistes Henman
63%
Hurkacz
63%
1/2 Finalistes Kafelnikov
63%
Roland Garros Vainqueur Kafelnikov
63%
1999 Australie Vainqueur Kafelnikov
63%
1/2 Finalistes Kafelnikov
63%
Finaliste Kafelnikov
63%
Kafelnikov
63%
1/2 Finalistes Karatsev
63%
Finaliste Moya
63%
Roland Garros Vainqueur Moya
63%
Moya
63%
Finaliste Nastase
63%
Finaliste Nastase
63%
US Open Vainqueur Nastase
63%
Roland Garros Vainqueur Nastase
63%
Finaliste Nastase
63%
Nastase
63%
Finaliste Newcombe
63%
Newcombe
63%
Wimbledon Vainqueur Newcombe
63%
Newcombe
63%
Wimbledon Vainqueur Newcombe
63%
1973 Australie Vainqueur Newcombe
63%
US Open Vainqueur Newcombe
63%
Newcombe
63%
1975 Australie Vainqueur Newcombe
63%
Finaliste Newcombe
63%
Panatta
63%
1/2 Finalistes Panatta
63%
Roland Garros Vainqueur Panatta
63%
1/2 Finalistes Paul
63%
1/2 Finalistes Rafter
63%
US Open Vainqueur Rafter
63%
US Open Vainqueur Rafter
63%
Rafter
63%
Finaliste Rafter
63%
Rafter
63%
Finaliste Rafter
63%
1968 Roland Garros Vainqueur Rosewall
63%
1/2 Finalistes Rosewall
63%
Finaliste Rosewall
63%
Finaliste Rosewall
63%
US Open Vainqueur Rosewall
63%
1971 Australie Vainqueur Rosewall
63%
1/2 Finalistes Rosewall
63%
1972 Australie Vainqueur Rosewall
63%
1/2 Finalistes Rosewall
63%
Finaliste Rosewall
63%
Finaliste Rosewall
63%
1/2 Finalistes Rosewall
63%
1/2 Finalistes Rosewall
63%
1/2 Finalistes Schwartzman
63%
Berrettini
50%
Finaliste Berrettini
50%
1/2 Finalistes Berrettini
50%
Roland Garros Vainqueur Bruguera
50%
Roland Garros Vainqueur Bruguera
50%
Bruguera
50%
Finaliste Bruguera
50%
Cecchinato
50%
Chung
50%
Finaliste Clement
50%
Gerulaitis
50%
Australie Vainqueur Gerulaitis
50%
1/2 Finalistes Gerulaitis
50%
1/2 Finalistes Gerulaitis
50%
Gerulaitis
50%
Finaliste Gerulaitis
50%
Finaliste Gerulaitis
50%
Gerulaitis
50%
Gulbis
50%
1/2 Finalistes Haas
50%
1/2 Finalistes Haas
50%
Haas
50%
Haas
50%
Ivanisevic
50%
Finaliste Ivanisevic
50%
Finaliste Ivanisevic
50%
Ivanisevic
50%
Ivanisevic
50%
Finaliste Ivanisevic
50%
Wimbledon Vainqueur Ivanisevic
50%
2002 Australie Vainqueur Johansson
50%
Johansson
50%
Johansson
50%
Finaliste Korda
50%
1998 Australie Vainqueur Korda
50%
1/2 Finalistes Krajicek
50%
1/2 Finalistes Krajicek
50%
Wimbledon Vainqueur Krajicek
50%
Krajicek
50%
Kriek
50%
Australie Vainqueur Kriek
50%
Australie Vainqueur Kriek
50%
1/2 Finalistes Kriek
50%
1/2 Finalistes Kriek
50%
Leconte
50%
1/2 Finalistes Leconte
50%
Finaliste Leconte
50%
Leconte
50%
Finaliste Mecir
50%
1/2 Finalistes Mecir
50%
Mecir
50%
Finaliste Mecir
50%
1/2 Finalistes Muster
50%
1/2 Finalistes Muster
50%
Roland Garros Vainqueur Muster
50%
Muster
50%
Finaliste Pernfors
50%
Finaliste Pioline
50%
Finaliste Pioline
50%
1/2 Finalistes Pioline
50%
Pioline
50%
1/2 Finalistes Shapovalov
50%
1/2 Finalistes Stich
50%
Wimbledon Vainqueur Stich
50%
Stich
50%
Finaliste Stich
50%
Finaliste Stich
50%
1/2 Finalistes Stich
50%
Finaliste Verkerk
50%
Finaliste Vilas
50%
1/2 Finalistes Vilas
50%
1/2 Finalistes Vilas
50%
Finaliste Vilas
50%
Roland Garros Vainqueur Vilas
50%
US Open Vainqueur Vilas
50%
Finaliste Vilas
50%
Australie Vainqueur Vilas
50%
Australie Vainqueur Vilas
50%
1/2 Finalistes Vilas
50%
Finaliste Vilas
50%
1/2 Finalistes Vilas
50%
Davydenko
38%
1/2 Finalistes Davydenko
38%
Davydenko
38%
Davydenko
38%
1/2 Finalistes Edmund
38%
1/2 Finalistes Escude
38%
Roland Garros Vainqueur Kodes
38%
Roland Garros Vainqueur Kodes
38%
Finaliste Kodes
38%
Kodes
38%
Wimbledon Vainqueur Kodes
38%
Finaliste Kodes
38%
Norman
38%
Finaliste Norman
38%
Orantes
38%
1/2 Finalistes Orantes
38%
Finaliste Orantes
38%
US Open Vainqueur Orantes
38%
Finaliste Puerta
38%
Querrey
38%
Finaliste Rios
38%
Finaliste Roche
38%
1/2 Finalistes Roche
38%
1/2 Finalistes Roche
38%
1/2 Finalistes Roche
38%
Finaliste Roche
38%
Finaliste Roche
38%
1/2 Finalistes Roche
38%
1/2 Finalistes Roche
38%
Rosset
38%
Finaliste Schuettler
38%
Schuettler
38%
1/2 Finalistes Tanner
38%
Tanner
38%
1/2 Finalistes Tanner
38%
1977 Australie Vainqueur Tanner
38%
Finaliste Tanner
38%
Tanner
38%
Ancic
25%
Finaliste Berasategui
25%
Chesnokov
25%
1976 Australie Vainqueur Edmondson
25%
Edmondson
25%
Edmondson
25%
1/2 Finalistes Gimeno
25%
Finaliste Gimeno
25%
Gimeno
25%
Roland Garros Vainqueur Gimeno
25%
Janowicz
25%
Jarryd
25%
Jauffret
25%
Kiefer
25%
Krickstein
25%
Krickstein
25%
Ljubicic
25%
Masur
25%
1/2 Finalistes Masur
25%
1/2 Finalistes Mayotte
25%
Mayotte
25%
Melzer
25%
Roger Vasselin
25%
Schalken
25%
Australie Vainqueur Teacher
25%
Finaliste Washington
25%
Woodbridge
25%
Woodforde
25%
Youzhny
25%
Youzhny
25%
1/2 Finalistes Amaya
13%
Barazzutti
13%
1/2 Finalistes Barazzutti
13%
Bjorkman
13%
1/2 Finalistes Bjorkman
13%
Cahill
13%
Case
13%
Finaliste Crealy
13%
Crealy
13%
Curren
13%
Finaliste Curren
13%
Finaliste Curren
13%
Finaliste Dent
13%
Dent
13%
Finaliste Denton
13%
Finaliste Denton
13%
Dewulf
13%
Dupre
13%
Finaliste Enqvist
13%
Ferreira
13%
Ferreira
13%
Finaliste Franulovic
13%
Franulovic
13%
Frawley
13%
1/2 Finalistes Froehling
13%
Ginepri
13%
Gonzales
13%
Gorman
13%
1/2 Finalistes Gorman
13%
1/2 Finalistes Gorman
13%
Finaliste Gottfried
13%
Gottfried
13%
Goven
13%
Graebner
13%
Graebner
13%
Gunnarsson
13%
Higueras
13%
1/2 Finalistes Higueras
13%
1/2 Finalistes Hrbaty
13%
Kucera
13%
Lapentti
13%
Larsson
13%
Finaliste Lewis
13%
Finaliste Lloyd
13%
Lutz
13%
Malisse
13%
Mantilla
13%
Finaliste Marks
13%
Finaliste Martin
13%
Martin
13%
1/2 Finalistes Martin
13%
1/2 Finalistes Martin
13%
Finaliste Martin
13%
Martin
13%
Mcnamara
13%
Mcnamee
13%
1/2 Finalistes Meiler
13%
Meligeni
13%
1/2 Finalistes Metreveli
13%
1/2 Finalistes Metreveli
13%
Finaliste Metreveli
13%
Novacek
13%
Novak
13%
Finaliste Okker
13%
Okker
13%
1/2 Finalistes Okker
13%
Okker
13%
Okker
13%
Finaliste Parun
13%
Finaliste Pecci
13%
Pecci
13%
Finaliste Pilic
13%
Finaliste Proisy
13%
Proisy
13%
Ralston
13%
1/2 Finalistes Ramirez
13%
Ramirez
13%
1/2 Finalistes Ramirez
13%
1/2 Finalistes Richey
13%
1/2 Finalistes Richey
13%
Richey
13%
Finaliste Rusedski
13%
Finaliste Sadri
13%
1/2 Finalistes Scanlon
13%
1/2 Finalistes Solomon
13%
Finaliste Solomon
13%
1/2 Finalistes Solomon
13%
Solomon
13%
Squillari
13%
Stockton
13%
Stockton
13%
Stoltenberg
13%
Stone
13%
Svensson
13%
Svensson
13%
1/2 Finalistes Taylor
13%
1/2 Finalistes Taylor
13%
1/2 Finalistes Taylor
13%
Testerman
13%
Volkov
13%
Voltchkov
13%
Finaliste Warwick
13%
Wheaton
13%
Zivojinovic
13%
Zivojinovic
13%
1/2 Finalistes Alexander
0%
Alexander
0%
1/2 Finalistes Alexander
0%
Arias
0%
1/2 Finalistes Clerc
0%
1/2 Finalistes Clerc
0%
Dibbs
0%
Dibbs
0%
Dibley
0%
Giltinan
0%
Mayer
0%
Pfister
0%
1/2 Finalistes Pfister
0%
1/2 Finalistes Pfister
0%
Ruffels
0%
Ruffels
0%
Aucun quiz correspondant
Distribution des résultats
% des personnes avec chaque résultat
Percentile par nombre de réponses
Votre historique - résultats
Vous n’avez pas pris ce quiz depuis la dernière actualisation